000 00444nam a2200169Ia 4500
003 GCL
008 140319s9999 xx 000 0 ara d
040 _aGCL /
_cGCL
082 0 4 _aد
_b050
100 1 _aاحمد الشنتناوى
245 1 0 _aالتنبؤ بالغيب (اقرا 201 ) /
_cاحمد الشنتناوى
300 _a128
490 _aاقرأ
_v0
650 0 4 _aالتنبؤ
650 0 4 _aالتنبؤات
942 _2ddc
_cBK
999 _c49072
_d49072